Có một Việt Nam như thế - Đổi mới và phát triển kinh tế

Đánh giá chung về kinh tế Việt Nam sau mười năm đổi mới. Thành tựu và triển vọng của các ngành kinh tế Việt Nam. Các doanh nghiệp Việt Nam trong cơ chế mới

Guardat en:
Dades bibliogràfiques
Altres autors: Trần Nhâm
Format: Llibre
Idioma:Vietnamese
Publicat: H. Chính trị quốc gia 1998
Matèries:
Etiquetes: Afegir etiqueta
Sense etiquetes, Sigues el primer a etiquetar aquest registre!
Thư viện lưu trữ: Mạng thư viện Đại học Đà Nẵng
LEADER 01415nam a2200373 4500
001 000007336
003 3497
005 20111025151039.0
008 110929s1998 viesd
020 |c 000đ 
041 0 |a vie 
082 |a 338.9597  |b Com 
240 |a Such is Vietnam - renovation and economic development 
245 0 |a Có một Việt Nam như thế - Đổi mới và phát triển kinh tế  |c Ch.b: Trần Nhâm 
260 |a H.  |b Chính trị quốc gia  |c 1998 
300 |a 562 tr  |b ảnh  |c 30 cm 
520 |a Đánh giá chung về kinh tế Việt Nam sau mười năm đổi mới. Thành tựu và triển vọng của các ngành kinh tế Việt Nam. Các doanh nghiệp Việt Nam trong cơ chế mới 
653 |a Việt Nam 
653 |a doanh nghiệp 
653 |a đổi mới 
653 |a kinh tế 
653 |a cơ chế kinh tế 
700 |a Trần Nhâm 
910 |a Nguyễn Thị Kim Oanh  |d 29/09/2011 
OWN |a LSP 
AVA |a UDN50  |b LSP  |d 338.9597 Com  |e available  |t Error 5001 Not defined in file expand_doc_bib_avail.  |f 1  |g 0  |h N  |i 0  |k 1 
999 |a From the UDN01 
AVA |a UDN50  |b LSP  |d 338.9597 Com  |e available  |t Error 5001 Not defined in file expand_doc_bib_avail.  |f 1  |g 0  |h N  |i 0  |k 1 
TYP |a Monograph 
TYP |a Printed language 
980 |a Mạng thư viện Đại học Đà Nẵng